Central Library OPAC University of Rajshahi
Normal view MARC view

Entry Personal Name

Number of records used in: 5

001 - CONTROL NUMBER

  • control field: 6615

003 - CONTROL NUMBER IDENTIFIER

  • control field: BD-RjUL

005 - DATE AND TIME OF LATEST TRANSACTION

  • control field: 20230117170436.0

008 - FIXED-LENGTH DATA ELEMENTS

  • fixed length control field: 230117|| aca||aabn | a|a d

040 ## - CATALOGING SOURCE

  • Original cataloging agency: BD-RjUL
  • Transcribing agency: BD-RjUL

100 ## - HEADING--PERSONAL NAME

  • Personal name: Alam, Mohammad. Jahangir

670 ## - SOURCE DATA FOUND

  • Source citation: Work cat.: (BD-RjUL)81092: Alam, Mohammad. Jahangir, Compliance with accounting standards in Financial reporting of commercial Banks In Bangladesh /, 2013